Portmanteau Additions #3 - Statistics

General Stats
  • This quiz has been taken 197 times
  • The average score is 16 of 22
Answer Stats
Hint Answer % Correct
Pin + Interest = Pinterest
100%
Wiki + Encyclopedia Wikipedia
99%
Federal + Express = FedEx
97%
Group + Coupon = Groupon
96%
International + Police = Interpol
96%
Medical + Care = Medicare
96%
Fruit + Utopia = Fruitopia
95%
Communication + Broadcast = Comcast
90%
Microcomputer + Software = Microsoft
87%
Jazz + Exercise = Jazzercise
85%
Travel + Velocity = Travelocity
84%
Mosaic + Godzilla = Mozilla
81%
Triple + Biscuit = Triscuit
80%
America + Way = Amway
78%
Veritas (latin) + Horizon = Verizon
78%
National + Biscuit + Company = Nabisco
75%
Integrated + Electronics = Intel
60%
Sonus (latin) + Sonny = Sony
58%
Canadian Oil + Low Acid = Canola
36%
Matt Matson + Elliot Handler = Mattel
29%
Compatability + Quality = Compaq
23%
Gary Burrell + Min K. Hao = Garmin
19%
No matching quizzes found
Score Distribution
Percent of People with Each Score
Percentile by Number Answered
Your Score History
You have not taken this quiz